Tortious or contractual liability ? - the changing scene (Record no. 6206)

MARC details
000 -LEADER
fixed length control field 00953cab a2200205 4500
001 - CONTROL NUMBER
control field ABS38301
008 - FIXED-LENGTH DATA ELEMENTS--GENERAL INFORMATION
fixed length control field 090401t xxu||||| |||| 00| 0 eng d
035 ## - SYSTEM CONTROL NUMBER
System control number (Sirsi) u9863
041 ## - LANGUAGE CODE
Language code of text/sound track or separate title eng
100 ## - MAIN ENTRY--PERSONAL NAME
Personal name Powell-Smith, V.
245 ## - TITLE STATEMENT
Title Tortious or contractual liability ? - the changing scene
350 ## - PRICE (NR) (BK AM CF MU VM SE) [OBSOLETE]
Price 0
490 ## - SERIES STATEMENT
Series statement Surveyor
Volume/sequential designation (Institute of Surveyors Malaysia) 22(3) 3rd Quarte
520 ## - SUMMARY, ETC.
Summary, etc. With reference to case law throughout, including the major decisions in Anns v Merton London Borough Council , HL 12 May 1977, see Abstract 22142 and Junior Books Ltd v Veitchi and Co , HL 15 July 1982, see Abstract 30178 the author discusses the law with regard to a defendant`s liability in the tort of negligence . Covers liability for economic loss , liability of contractors and sub-contractors and duty of care owed by a professional.
650 ## - SUBJECT ADDED ENTRY--TOPICAL TERM
Topical term or geographic name entry element BUILDING DEFECTS
650 ## - SUBJECT ADDED ENTRY--TOPICAL TERM
Topical term or geographic name entry element DAMAGES
690 ## - LOCAL SUBJECT ADDED ENTRY--TOPICAL TERM (OCLC, RLIN)
Topical term or geographic name as entry element LAW
942 ## - ADDED ENTRY ELEMENTS (KOHA)
Suppress in OPAC 0
948 ## - LOCAL PROCESSING INFORMATION (OCLC); SERIES PART DESIGNATOR (RLIN)
c (OCLC) 04/03/1997
Holdings
Withdrawn status Lost status Source of classification or shelving scheme Damaged status Not for loan Home library Current library Shelving location Date acquired Total Checkouts Full call number Barcode Date last seen Copy number Price effective from Koha item type
    Dewey Decimal Classification     London London Journal article 14/09/1999   ABS38301 9863-1001 06/08/2019 1 06/08/2019 Journal article